Szczegóły MARC21

Wybrane zagadnienia współczesnej biomechaniki : Międzynarodowy Kongres Polskiego Towarzystwa Biomechaniki "Biomechanika '08" Wrocław = Contemporary Biomechanics : selected topics : International Congress of the Polish Society of Biomechanics "Biomechanics '08" Wrocław /

003 -Nazwa inst., której nr kontr. jest w polu 001 [,]
    • @
    • Nazwa instytucji, której n kontrolny jest w polu 001
    • NUKAT
005 -DATA I CZAS OSTATNIEJ MODYFIKACJI [,]
    • @
    • pole kontrolne
    • 20241231093420.0
020 -Międzynarod. znormalizowany nr książki - ISBN [ , ]
    • a
    • Numer ISBN
    • 9788389156815 Find
040 -Instytucja sporządzająca opis [ , ]
    • a
    • Instytucja, która sporządziła opis (NP)
    • WR 99/AS
    • c
    • Instytucja, która sporządziła rekord (NP)
    • WR 99/AS
    • d
    • Instytucja, która zmodyfikowała rekord (P)
    • KR U/BMigs
    • d
    • Instytucja, która zmodyfikowała rekord (P)
    • WA M/ES
041 -Język dokumentu [0, ]
    • a
    • Język tekstu (P)
    • polski
    • a
    • Język tekstu (P)
    • angielski
942 -Rodzaj dokumentu [ , ]
    • c
    • Rodzaj dokumentu
    • Książka
245 -Strefa tytułu i oznaczenia odpowiedzialności [0,0]
    • a
    • Tytuł
    • Wybrane zagadnienia współczesnej biomechaniki : Find
    • b
    • Ciąg dalszy tytułu (NP)
    • Międzynarodowy Kongres Polskiego Towarzystwa Biomechaniki "Biomechanika '08" Wrocław = Contemporary Biomechanics : selected topics : International Congress of the Polish Society of Biomechanics "Biomechanics '08" Wrocław / Find
    • c
    • Pozostałe elementy strefy tytułu i oznaczenia odpowiedzialności (NP)
    • pod red. Tadeusza Bobera i Adama Siemieńskiego.
246 -Wariant tytułu [3,1]
    • a
    • Tytuł (NP)
    • Contemporary Biomechanics :
    • b
    • Ciąg dalszy tytułu (NP)
    • selected topics : International Congress of the Polish Society of Biomechanics "Biomechanics '08" Wrocław
246 -Wariant tytułu [3,0]
    • a
    • Tytuł (NP)
    • Biomechanika '08
246 -Wariant tytułu [3,0]
    • a
    • Tytuł (NP)
    • Biomechanics '08
260 -Strefa adresu wydawniczego [ , ]
    • a
    • Miejsce wydania (P)
    • Wrocław :
    • b
    • Nazwa wydawcy (P)
    • Wydawnictwo Akademii Wychowania Fizycznego,
    • c
    • Data wydania (P)
    • 2008.
300 -Strefa opisu fizycznego [ , ]
    • a
    • Określenie formy książki i/lub objętość (NP)
    • 106 s. :
    • b
    • Oznaczenie ilustracji (NP)
    • il. ;
    • c
    • Format (NP)
    • 24 cm.
336 -Typ zawartości [ , ]
    • a
    • Termin opisujący typ zawartości
    • Tekst
    • b
    • Kod określający zawartość
    • txt
    • 2
    • Źródło (terminu i kodu)
    • rdacontent
337 -Typ mediów [ , ]
    • a
    • Tryb odtwarzania
    • Bez urządzenia pośredniczącego
    • b
    • Kod typu mediów
    • n
    • 2
    • Źródło (terminu i kodu)
    • rdamedia
338 -Typ/rodzaj nośnika [ , ]
    • a
    • Hasło opisujące typ nośnika
    • Wolumin
    • b
    • Kod typu nośnika
    • nc
    • 2
    • Źródło (terminu i kodu)
    • rdacarrier
504 -Uwaga dot. bibliogr. załącznikowej [ , ]
    • a
    • Uwaga dot. bibliografii załącznikowej
    • Bibliogr. przy ref.
546 -Uwaga dot. języka [ , ]
    • a
    • Uwaga dot. języka
    • Tekst równoległy pol. ang.
080 -Uniwersalna Klasyfikacja Dziesiętna [ , ]
    • 2
    • Identyfikator wydania tablic
    • UDC-P058; UDC-P022
    • a
    • Symbol klasyfikacji
    • 577.3
    • b
    • Dopowiedzenie
    • Fizyczne i fizykochemiczne podstawy życia. Biofizyka i chemia biofizyczna. Biomechanika. Bioenergetyka. Biorytm. Fizyka i fizykochemia protein. Fizyka i chemia fizyczna kwasów nukleinowych. Biofizyka enzymów. Bionika.
    • x
    • Poddział wspólny
    • (061)
    • b
    • Dopowiedzenie
    • (Wydawnictwa odnoszące się do konferencji, zjazdów itd. Sprawozdania z konferencji).
080 -Uniwersalna Klasyfikacja Dziesiętna [ , ]
    • 2
    • Identyfikator wydania tablic
    • UDC-P058; UDC-P022
    • a
    • Symbol klasyfikacji
    • 612.73/.76
    • b
    • Dopowiedzenie
    • Mięśnie. Kości. Stawy. Ścięgna. Poruszanie się.
    • x
    • Poddział wspólny
    • (061)
    • b
    • Dopowiedzenie
    • (Wydawnictwa odnoszące się do konferencji, zjazdów itd. Sprawozdania z konferencji).
080 -Uniwersalna Klasyfikacja Dziesiętna [ , ]
    • 2
    • Identyfikator wydania tablic
    • UDC-P058; UDC-P022
    • a
    • Symbol klasyfikacji
    • 796.012
    • b
    • Dopowiedzenie
    • Fizjologia sportu. Fizjologia wysiłku. Motoryka.
    • x
    • Poddział wspólny
    • (061)
    • b
    • Dopowiedzenie
    • (Wydawnictwa odnoszące się do konferencji, zjazdów itd. Sprawozdania z konferencji).
650 -Hasło przedmiotowe [ ,7]
    • a
    • Hasło przedmiotowe
    • Biomechanika
    • v
    • Określnik formalny
    • konferencje.
    • 2
    • Źródło terminu
    • kaba
    • 9
    • KHW
    • 437017
980 -Symbol UKD [ , ]
    • a
    • UKD
    • 577.3:612.73/.76:796.012](061)
700 -Hasło dodatkowe - nazwa osobowa [1, ]
    • a
    • Nazwa osobowa (NP)
    • Bober, Tadeusz Find
    • d
    • Daty biograficzne (NP)
    • (1932- ).
    • e
    • Określenie rodzaju współpracy
    • Red.
    • 9
    • KHW
    • 230380
700 -Hasło dodatkowe - nazwa osobowa [1, ]
    • a
    • Nazwa osobowa (NP)
    • Siemieński, Adam. Find
    • e
    • Określenie rodzaju współpracy
    • Red.
    • 9
    • KHW
    • 593471
710 -Hasło dodatkowe - nazwa ciała zbiorowego [2, ]
    • a
    • Nazwa ciała zbiorowego lub nazwa geograficzna jako pierwszy element (NP)
    • Akademia Wychowania Fizycznego (Wrocław).
    • b
    • Nazwa jednostki podrzędnej (P)
    • Wydawnictwo.
    • 4
    • Kod relacji
    • pbl
    • 9
    • KHW
    • 57496
920 -ISBN [ , ]
    • a
    • ISBN
    • 978-83-89156-81-5 Find
Numer inwentarzowy Sygnatura Status udost. Lokalizacja Data inwentaryzacji
WF.8440Biomechanika 141BM2008-12-16
WF.8441 -3BM2008-12-18
WF.8465 -3BM2009-01-28